Regional report (Record no. 81834)

MARC details
000 -LEADER
fixed length control field 01001cab a22002055a 4500
001 - CONTROL NUMBER
control field L148435
008 - FIXED-LENGTH DATA ELEMENTS--GENERAL INFORMATION
fixed length control field 090917e20090911xxko f 000 0 eng d
035 ## - SYSTEM CONTROL NUMBER
System control number (Sirsi) u148435
041 0# - LANGUAGE CODE
Language code of text/sound track or separate title eng
100 1# - MAIN ENTRY--PERSONAL NAME
Personal name Sandher, Hardeep
245 00 - TITLE STATEMENT
Title Regional report
Remainder of title Yorkshire and north Lincs
260 ## - PUBLICATION, DISTRIBUTION, ETC.
Date of publication, distribution, etc. 2009
490 #0 - SERIES STATEMENT
Series statement Property Week
Volume/sequential designation 75(37) 11 September 2009, 67-76(5)
520 ## - SUMMARY, ETC.
Summary, etc. Yorvale Capital has launched a new £100m fund which will only invest in mostly retail properties from the Midlands to the Scottish borders and has its target investor audience in northern England. Bradford City Council has brought its urban regeneration work in house after sacking its sole regeneration company Bradford Centre Regeneration. Stirling Investment and Scotfield's planned data campus near Huddersfield has been opposed by local residents.
590 ## - LOCAL NOTE (RLIN)
Local note KA
651 #4 - SUBJECT ADDED ENTRY--GEOGRAPHIC NAME
Geographic name Yorkshire
Chronological subdivision 1888-
651 #4 - SUBJECT ADDED ENTRY--GEOGRAPHIC NAME
Geographic name Lincolnshire
690 ## - LOCAL SUBJECT ADDED ENTRY--TOPICAL TERM (OCLC, RLIN)
Topical term or geographic name as entry element PROPERTY-COMMERCIAL PROPERTY-COMMERCIAL PROPERTY MARKET
942 ## - ADDED ENTRY ELEMENTS (KOHA)
Suppress in OPAC 0
Holdings
Withdrawn status Lost status Source of classification or shelving scheme Damaged status Not for loan Home library Current library Shelving location Date acquired Total Checkouts Full call number Barcode Date last seen Copy number Price effective from Koha item type
    Dewey Decimal Classification     London London Journal article 17/09/2009   L148435 148435-1001 06/08/2019 1 06/08/2019 Journal article